| 000 | 00603nam a22001937a 4500 | ||
|---|---|---|---|
| 005 | 20251108171138.0 | ||
| 008 | 250721s1986 xx 000 0 ara d | ||
| 082 | 1 | 4 | _aط/530/كنت |
| 100 | 1 | _aكنت، اماندا | |
| 245 | 1 | 0 | _aمدخل إلى الفيزياء / |
| 264 | 1 |
_aبيروت : _bالمؤسسة العربية للدراسات والنشر، _c1986. |
|
| 300 | _a48ص : مص | ||
| 490 | 0 | _aسلسلة اوسبورن | |
| 650 | 1 | 7 | _aالفيزياء |
| 700 | 1 | _aوارد، الان | |
| 700 | 1 |
_aعويضة، محمود أحمد _eترجمة |
|
| 942 |
_2ddc _cBK |
||
| 999 |
_c57752 _d57752 |
||